000 00646nam a2200181 i 4500
001 104323
003 ES-MaACL
005 20230906183553.0
007 t|
008 051128s1973 sp ||||1| spa d
100 1 _aMillares Carlo, Agustín,
_d1893-1980
_981176
245 1 0 _aConsideraciones sobre la escritura visigótica cursiva /
_cAgustín Millares Carlo.
260 _aLeón :
_bCentro de Estudios e Investigación San Isidoro,
_c1973.
300 _a103 p. con 22 lám. :
_bil. ;
_c26 cm.
710 2 _aCentro de Estudios e Investigación "San Isidoro"
_9134242
852 _aES-MaACL
_jC-54208
_bR.86655
999 _c104323
_d104323